000 00672nam a22001817a 4500
005 20250403125412.0
010 _aHIN-125573
020 _c40.00
035 _aHN-97919
037 _bDBAD
082 _a821
100 _aकुमार, वीरेन्द्र
_980193
245 _aओ, यायावर भिछु/
_cवीरेन्द्र कुमार
260 _aदिल्ली
_bविमल प्रकाशन
_c1991
270 _a313/31-एच, इन्द्रलोक,
_bदिल्ली
_e110035
300 _a115पृ
_c22 सेमी (सजिल्द)
942 _adpl
_cHN
_2ddc
_h821
_mकुमार
999 _c210719
_d210719